000 00517nam a2200181Ia 4500
003 GCL
008 140319s9999 xx 000 0 ara d
040 _aGCL /
_cGCL
082 0 4 _a891.7
_bج م
100 1 _aبهاء فهمى
245 1 0 _aمومو (هدية من الاديب عبدالفتاح الجمل) /
_cبهاء فهمى
300 _a62 ص
490 _aكتاب
_v0
650 0 4 _aالادب
650 0 4 _aالادب الروسى
650 0 4 _aالادب الروسى المترجم
942 _2ddc
_cBK
999 _c42374
_d42374